000 00949nam a22002417a 4500
005 20180604170829.0
010 _aENG-123144-145
020 _a9788180384363 (set)
_c5495.00 (set of 2vols.)
035 _aEN-106676-677
082 _a342.54023
100 1 _aBasu, Durga Das,
_d1910-
245 1 0 _aShorter constitution of India /
_cby Durga Das Basu.
250 _a15th ed. /
_bthoroughly rev. & revitalised by A K Patnaik,
260 _aGurgaon :
_bLexisNexis Butterworths Wadhwa Nagpur,
_c2018
300 _a2 v. (cdlxxi, 918p.; cxviii, 919-2212p.)
_c25 cm.(Hb)
500 _aIncorporating the latest amendments brought by the Constitution (One Hundred and First Amendment) Act, 2016
500 _aIncludes indexes.
505 0 _av. 1. Art. 1 to 151 -- v. 2. Art. 152 to end.
610 1 0 _aIndia.
_tConstitution.
650 0 _aConstitutional law
_zIndia.
700 _aPatnaik, A K
942 _2ddc
_cEN
_h342.54023
_mBAS
999 _c152525
_d152525